000 00528nam a2200193Ia 4500
005 20250923150038.0
008 008 250917s9999 xx 000 0 eng d
037 _aTextual
040 _aDSWL
_beng
_cDSWL
041 _aeng
_2eng
084 _aW;5, N98
_qDSWL
245 0 _aHuman Rights challenges in 21st Century
260 _aNew Delhi
_b Int. Ins. for non aligned studies
_c1998
300 _a148 p.
365 _aINR
_b220.00
925 _g220.00
942 _cTEXL
_hW;5, N98
999 _c1458931
_d1458931